000 00721nam a22002057a 4500
999 _c20559
_d20559
003 AR-CdUCM
008 190531b ||||| |||| 00| 0 spa d
040 _aMUNICIPALIDAD PROVINCIAL DEL CUSCO
_cBIBLIOTECA MUNICIPAL DEL CUSCO
082 _a610.73 /
_bF39
100 _aFerris, Elvira B.
_942982
245 _aMicrobiología Para la enfermera /
260 _aMéxico :
_bTroquel,
_c1970.
300 _a148 páginas ;
_bGráficos
_c26 cm.
505 _aContenido : Microorganismos -- El mundo bajo el microscopio -- Instrumento de investigación -- Estructura celular...
650 _aSanidad hospitalaria
_942983
650 _aBacterias
_932397
650 _aExperimentos
_92381
942 _2ddc
_cLIBROS
945 _arcc